Sanat - "Suutarinemännän kehtolaulu" - Statistics

Yleistilastot
  • Tätä visaa on pelattu 18 kertaa
  • Keskiarvotulos 59 / 69
Vastaustilastot
Vastaus % Oikein
en
93%
en
93%
hakemahan
93%
hakemahan
93%
hakemahan
93%
hakemahan
93%
Keitä
93%
kun
93%
kun
93%
93%
93%
ootte
93%
Ootteko
93%
ootteko
93%
paupali
93%
paupali
93%
paupali
93%
paupali
93%
paupali
93%
paupali
93%
paupali
93%
paupali
93%
paupali
93%
paupali
93%
piupali
93%
piupali
93%
piupali
93%
piupali
93%
piupali
93%
piupali
93%
piupali
93%
piupali
93%
piupali
93%
piupali
93%
pojat
93%
te
93%
te
93%
teitä
93%
teitä
93%
tulleet
93%
tulleet
93%
tunne
93%
tunne
93%
kenkiänne
87%
kenkiänne
87%
kenkiänne
87%
kenkiänne
87%
ensi
73%
kylälle
73%
kylälle
73%
neulomahan
73%
neulomahan
73%
nuoret
73%
viikolla
73%
Hyvästi
67%
hyvästi
67%
hyvästi
67%
hyvästi
67%
koko
67%
mennyt
67%
Miinalle
67%
Miinalle
67%
on
67%
sitten
67%
Suutari
67%
terveisiä
67%
terveisiä
67%
Tulkaa
67%
viikoksi
67%
Ehtoja vastaavia visoja ei löytynyt
Tulosjakauma
Jokaisen tuloksen saaneiden osuus
Persentiili vastausten määrän mukaan
Tuloshistoriasi
Et ole pelannut tätä visaa